LIBRARY & INFORMATION CENTRE, KCAET, TAVANUR

ONLINE PUBLIC ACCESS CATALOGUE (OPAC)

Mechanics of sediment transportation and alluvial stream problems / (Record no. 5728)

MARC details
000 -LEADER
fixed length control field 00484cam a2200181ua 4500
003 - CONTROL NUMBER IDENTIFIER
control field OSt
008 - FIXED-LENGTH DATA ELEMENTS--GENERAL INFORMATION
fixed length control field 250806b |||||||| |||| 00| 0 eng d
020 ## - INTERNATIONAL STANDARD BOOK NUMBER
ISBN 0-85226-306-6
041 ## - LANGUAGE CODE
Language code of text/sound track or separate title eng
082 ## - DEWEY DECIMAL CLASSIFICATION NUMBER
Classification number 627
Item number GAR/ME
100 ## - MAIN ENTRY--AUTHOR NAME
Personal name Garde, R J .
245 ## - TITLE STATEMENT
Title Mechanics of sediment transportation and alluvial stream problems /
250 ## - EDITION STATEMENT
Edition statement 1 /
260 ## - PUBLICATION, DISTRIBUTION, ETC. (IMPRINT)
Place of publication New Delhi :
Name of publisher Wiley Eastern Ltd ,
Year of publication 1985.
300 ## - PHYSICAL DESCRIPTION
Number of Pages 618 ; .
700 1# - ADDED ENTRY--PERSONAL NAME
Personal name Ranga Raju, K G .
942 ## - ADDED ENTRY ELEMENTS (KOHA)
Koha item type Books
Holdings
Withdrawn status Lost status Damaged status Home library Current library Date acquired Full call number Accession Number Koha item type Collection code Shelving location
      KAUAET KAUAET 20/08/1986 627 GAR/ME 15420 Books    
      KAUAET KAUAET 07/04/2012 627 GAR/ME 15902 Books    
      KAUAET KAUAET 08/05/2012 627 GAR/ME 22391 Books Non-fiction General Stacks
free website counter